000 00615nam a22001817a 4500
005 20241003154954.0
010 _aENG-141897
020 _a9788180643606
_c180.00
035 _aEN-125429
037 _bDBAD
082 _a303.48409545
_21
245 _aSocial Movement in Bengal:
_bIdentity Question Unrest and Challenges/
_cBy Bipul Mandal
250 _a1
260 _aKolkata
_bProgressive Publishers
_c2021
270 _bKolkata
_a37A, College Street
_e700073
_mprogressivepubl@yahoo.co.in
_k9830305810
_k9038296630
300 _a192p.
_bIndex
_c22cm(hb)
942 _2ddc
_cEN
_mMAN
_h303.48409545
999 _c206082
_d206082